| 000 | 00976nam0a2200265 4500 | ||
|---|---|---|---|
| 001 | RU\NLR\BIBL_A\012514614 | ||
| 005 | 20260628185033.0 | ||
| 010 | _97000 | ||
| 035 | _a(NLR Aleph) 012514614 | ||
| 090 |
_a13740627 _c13740627 |
||
| 100 | _a20210507d1975 a y0rusy50 ca | ||
| 101 | 0 | _amol | |
| 102 | _aMD | ||
| 105 | _aa z 000gy | ||
| 200 | 1 |
_aСолтыс _eпоем ероик _e[пентру шкоала медие] _fПетру Дудник _gпиктор С. Солонарь |
|
| 210 |
_aКишинэу _cЛумина _d1975 |
||
| 215 |
_a61,[2] п. _cил. _d18 |
||
| 686 | 1 | _aШ9(2)6=Мол-5 | |
| 700 | 1 |
_aДудник _bП. М. _f1941-1984 _gПетру Маркович _4070 |
|
| 702 | 1 |
_aСолонарь _bС. Ф. _f1939- _gСемен Федорович _4440 |
|
| 702 | 1 |
_aСолтыс _bИ. С. _f1923-1945 _gИон Сидорович _4570 |
|
| 852 |
_aNLR _bОНЛ _jМолд./2-6650 |
||
| 942 | _cBOOK | ||
| 980 | _aNB | ||